| 000 -ლიდერი |
| ფიქსირებული სიგრძის საკონტროლო ველი |
02224nam a22002777a 4500 |
| 003 - საკონტროლო ნომრის იდენტიფიკატორი |
| საკონტროლო ველი |
Ge_BSU |
| 005 - ბოლო ოპერაციის თარიღი და დრო |
| საკონტროლო ველი |
20230719112035.0 |
| 008 - ფიქსირებული სიგრძის მონაცემთა ელემენტები - ზოგადი ინფორმაცია |
| ფიქსირებული სიგრძის საკონტროლო ველი |
230719s2022ge xxu||||| |||| 00| 0 geo d |
| 020 ## - წიგნის საერთაშორისო სტანდარტული ნომერი |
| International Standard Book Number |
9789941844072 |
| 041 ## - ენის კოდი |
| Language code of text/sound track or separate title |
geo |
| 080 ## - უნივერსალური ათობითი კლასიფიკაციის ინდექსი |
| Universal Decimal Classification number |
141.45(47+57)ქ-27 |
| 100 ## - მთავარი ჩანაწერი - პიროვნების სახელი |
| Personal name |
ქართველიშვილი, მიხეილ, ავტორი. |
| 9 (RLIN) |
19427 |
| 245 ## - ცნობა სათაურის შესახებ |
| Title |
საბჭოთა რელიგიური პოლიტიკა და საქართველოში მისი ასახვის თავისებურებები 1953-1964 წლებში / |
| Statement of responsibility, etc |
მიხეილ ქართველიშვილი ; გარეკანის დიზაინი მედეა გვინჩიძე. |
| 264 ## - წარმოების, გამოცემის, დისტრიბუციის და სხვა ცნობები |
| გამოცემის, წარმოების, დისტრიბუციის... ადგილი |
თბილისი, |
| გამოცემის, წარმოების, დისტრიბუციის... თარიღი |
2022. |
| 300 ## - ფიზიკური აღწერა |
| Extent |
262 გვ. ; |
| Other physical details |
24 სმ. |
| 501 ## - შენიშვნა თანმხლებ მასალაზე |
| With note |
პირთა საძიებელი: გვ. 256-262. |
| 504 ## - BIBLIOGRAPHY, ETC. NOTE |
| Bibliography, etc |
ბიბლიოგრაფია: გვ. 230-255. |
| 520 ## - SUMMARY, ETC. |
| Summary, etc |
რეზიუმე ინგლისურ ენაზე. |
| 600 ## - SUBJECT ADDED ENTRY--PERSONAL NAME |
| Source of heading or term |
ეძღვნება მამის - ალექსანდრე ქართველიშვილის ხსოვნას. |
| 653 ## - INDEX TERM--UNCONTROLLED |
| Uncontrolled term |
ათეისტური პროპაგანდა საბჭოთა კავშირში. |
| 700 ## - ADDED ENTRY--PERSONAL NAME |
| Personal name |
გვინჩიძე, მედეა |
| Relator term |
გარეკანის დიზაინი |
| 9 (RLIN) |
19428 |
| 711 ## - ADDED ENTRY--MEETING NAME |
| Meeting name or jurisdiction name as entry element |
ივანე ჯავახიშვილის სახ. თბილისის სახელმწ. უნივერსიტეტი, ჰუმანიტარულ მეცნიერებათა ფაკულტეტი, საქართველოს ისტორიის სასწავლო-სამეცნიერო ინსტიტუტი, მსოფლიო ისტორიის სასწავლო-სამეცნიერო ინსტიტუტი. |
| 9 (RLIN) |
19429 |
| 773 ## - HOST ITEM ENTRY |
| Title |
ნაჩუქარი |
| 856 ## - ELECTRONIC LOCATION AND ACCESS |
| Uniform Resource Identifier |
https://dspace.nplg.gov.ge/bitstream/1234/395413/1/SabchotaReligiuriPolitikaDaSaqartveloshiMisiAsaxvisTaviseburebani1953-1964ww.pdf |
| Link text |
pdf |
| 942 ## - ADDED ENTRY ELEMENTS (KOHA) |
| Source of classification or shelving scheme |
|
| Koha item type |
წიგნი |